I Turned 3rd Life Into a Song - Lyrics - Statistics

General Stats
  • This quiz has been taken 68 times
  • The average score is 183 of 222
Answer Stats
Lyric % Correct
a
100%
A:
100%
and
100%
And
100%
B
100%
go)
100%
go
100%
GO
100%
GO!
100%
gone!
100%
gone...
100%
I
100%
the
100%
The
100%
to
100%
we
100%
We
100%
we!
100%
3rd
95%
back
95%
Blood
95%
blood
95%
crown
95%
Do
95%
do
95%
down
95%
down)
95%
drips
95%
get
95%
'get
95%
Get
95%
have
95%
I'm
95%
Life!
95%
Life
95%
me
95%
me?!
95%
need
95%
No
95%
no
95%
No,
95%
Nooo!
95%
NOOOOO!
95%
our
95%
So
95%
so
95%
Welcome
95%
you
95%
you)
95%
You
95%
your
95%
be
91%
cookin'
91%
dead!
91%
die
91%
fight
91%
fight...
91%
gonna
91%
in...
91%
in
91%
is
91%
king!
91%
King
91%
live
91%
my
91%
(oh
91%
Ooh,
91%
pufferfish!
91%
put
91%
Red
91%
Scar,
91%
You're
91%
you're
91%
3
86%
are
86%
Are
86%
Both
86%
coming!
86%
got
86%
Here
86%
here
86%
How
86%
how...
86%
husband!
86%
it!
86%
it
86%
it.
86%
just
86%
lives.
86%
now?
86%
Okay
86%
(Okay
86%
okay?
86%
on!
86%
one
86%
out!
86%
out
86%
right?
86%
right
86%
right!
86%
tested
86%
This
86%
this
86%
today
86%
tools
86%
way!
86%
winter
86%
13
82%
avenged
82%
BOOM!
82%
bow
82%
But
82%
castle!
82%
Come
82%
Dare
82%
everything
82%
goes
82%
(goes
82%
going
82%
laddie!
82%
Look
82%
metals
82%
night
82%
not
82%
only
82%
other
82%
PVP
82%
that's
82%
think
82%
watch
82%
watch...
82%
will
82%
anyone
77%
bows'.
77%
by
77%
call
77%
can
77%
can't.
77%
can't
77%
clothes
77%
did
77%
don't
77%
Etho,
77%
first
77%
Flare
77%
for
77%
For
77%
gentlemen,
77%
good
77%
Jimmy's
77%
joined
77%
know
77%
let's
77%
lever
77%
of
77%
Plan
77%
Pull
77%
survived
77%
they're
77%
Yeah,
77%
all
73%
Betrayal!
73%
Betrayal...
73%
burned
73%
enchanter...
73%
fallen!
73%
gotta
73%
happened?!
73%
has
73%
jump
73%
kidding
73%
looking?
73%
man
73%
may
73%
Minecrafters
73%
slay
73%
soft
73%
someone
73%
specialty.
73%
spot
73%
start.
73%
take
73%
'til
73%
was
73%
What
73%
WOLVES,
73%
bros
68%
death
68%
diamonds
68%
find
68%
god)
68%
hard
68%
HUH?!
68%
hunt
68%
I've
68%
Ladies
68%
Long
68%
massive
68%
Pizza!
68%
running
68%
science
68%
steps,
68%
terrible
68%
tree...
68%
Trying
68%
us
68%
alone!
64%
been
64%
behind
64%
dogs.
64%
learned:
64%
lesson
64%
spectators
64%
trusted.
64%
want
64%
Well,
64%
Alright
59%
lot
59%
literally
55%
laugh)
36%
(defeated
32%
No matching quizzes found
Score Distribution
Percent of People with Each Score
Percentile by Number Answered
Your Score History
You have not taken this quiz